Delirio / (Registro nro. 1438)

000 -CABECERA
campo de control de longitud fija 01117nam a2200313 a 4500
001 - NÚMERO DE CONTROL
campo de control 000026137
003 - IDENTIFICADOR DEL NÚMERO DE CONTROL
campo de control CO-MqBPB
005 - FECHA Y HORA DE LA ÚLTIMA TRANSACCIÓN
campo de control 20220418094137.0
008 - DATOS DE LONGITUD FIJA--INFORMACIÓN GENERAL
campo de control de longitud fija 050210s2004 col gr 000 d
020 ## - NÚMERO INTERNACIONAL ESTÁNDAR DEL LIBRO
Número Internacional Estándar del Libro 9587041453
040 ## - FUENTE DE LA CATALOGACIÓN
Centro catalogador/agencia de origen CO-MqBPB
Lengua de catalogación spa
Centro/agencia transcriptor CO-MqBPB
090 ## - LOCALMENTE ASIGNADO TIPO-LC NÚMERO DE CLASIFICACIÓN (OCLC); NÚMERO DE CLASIFICACIÓN LOCAL (RLIN)
Número de clasificación (OCLC) (R) ; Numero de clasificación, CALL (RLIN) (NR) AN
Número cutter local (OCLC) ; Número de libro/Signatura topográfica íntegra, CALL (RLIN) RESL
100 0# - ENTRADA PRINCIPAL--NOMBRE DE PERSONA
Nombre de persona Restrepo, Laura
245 10 - MENCIÓN DE TÍTULO
Título Delirio /
Mención de responsabilidad, etc. Laura Restrepo.
250 ## - MENCIÓN DE EDICIÓN
Mención de edición 1a. ed.
260 ## - PUBLICACIÓN, DISTRIBUCIÓN, ETC.
Lugar de publicación, distribución, etc. Bogotá :
Nombre del editor, distribuidor, etc. Alfaguara,
Fecha de publicación, distribución, etc. 2004.
300 ## - DESCRIPCIÓN FÍSICA
Extensión 342p.
500 ## - NOTA GENERAL
Nota general Reposición por # de acceso 013015577, El sabueso de los Baskerville, para la biblioteca ICEF
500 ## - NOTA GENERAL
Nota general Donación Ej. 2 de Chicalá. Premio Santillana 2005
500 ## - NOTA GENERAL
Nota general Plan Lector Biblioteca Icef ; 12a. reimpresion de 2006
500 ## - NOTA GENERAL
Nota general Ej.1 de Mosquera donado por la Biblioteca Nacional - PNLB 2012.
500 ## - NOTA GENERAL
Nota general Premio Alfaguara 2004 ; Premio Grinzane Cavour 2006 a mejor novela extranjera
650 14 - PUNTO DE ACCESO ADICIONAL DE MATERIA--TÉRMINO DE MATERIA
Término de materia o nombre geográfico como elemento de entrada NOVELA COLOMBIANA
650 14 - PUNTO DE ACCESO ADICIONAL DE MATERIA--TÉRMINO DE MATERIA
Término de materia o nombre geográfico como elemento de entrada LITERATURA COLOMBIANA
650 14 - PUNTO DE ACCESO ADICIONAL DE MATERIA--TÉRMINO DE MATERIA
Término de materia o nombre geográfico como elemento de entrada NOVELA SOCIAL
901 ## - ELEMENTOS DE DATOS A LOCAL LDA (RLIN)
a Compra : Alfaguara, Agosto 19/04, $20.800
901 ## - ELEMENTOS DE DATOS A LOCAL LDA (RLIN)
a Ejs. Biblioteca Icef, Compra Aguilar, 2007, $27.300.00
942 ## - ELEMENTOS DE PUNTO DE ACCESO ADICIONAL (KOHA)
Fuente del sistema de clasificación o colocación
Tipo de ítem Koha Libro Literatura
Existencias
Estado de retiro Estado de pérdida Fuente del sistema de clasificación o colocación Estado dañado No para préstamo Código de colección Localización permanente Ubicación/localización actual Fecha de adquisición Total de préstamos Signatura topográfica completa Código de barras Fecha visto por última vez Número de copia Precio válido a partir de Tipo de ítem Koha Nota pública Fuente de adquisición Número de inventario Fecha del último préstamo
          Literatura Adulto Biblioteca Pública San Juan Bosco Biblioteca Pública San Juan Bosco 20/01/2020   AN RESL MOS001453 20/01/2020 ej.1 20/01/2020 Libro Literatura Quince días      
Retirado Perdido       Literatura Adulto Biblioteca Pública San Juan Bosco Biblioteca Pública San Juan Bosco 11/04/2022 3 AN RESd MOS502121 19/09/2022 Ej. 2 20/01/2020 Libro Literatura Quince días Donación 2021 NT 19/09/2022

© Todos los derechos reservados para la Biblioteca Pública Municipal San Juan Bosco, 2020
Secretaria de Cultura de Mosquera
Carrera 3 N° 10 Esquina Centro Cultural Barrio El Carmén Teléfono: 8270830 Ext: 34
Funcionando con KOHA
Contacto: Biblioteca Pública Municipal San Juan Bosco/ bibliotecasanjuanbosco@mosquera-cundinamarca.gov.co
Mosquera, Cundinamarca